<?xml version="1.0" encoding="UTF-8"?>
<record
    xmlns:xsi="http://www.w3.org/2001/XMLSchema-instance"
    xsi:schemaLocation="http://www.loc.gov/MARC21/slim http://www.loc.gov/standards/marcxml/schema/MARC21slim.xsd"
    xmlns="http://www.loc.gov/MARC21/slim">

  <leader>00539nam a2200145Ia 4500</leader>
  <controlfield tag="008">100204s9999    xx            000 0 und d</controlfield>
  <datafield tag="082" ind1=" " ind2=" ">
    <subfield code="b">3693</subfield>
  </datafield>
  <datafield tag="100" ind1=" " ind2=" ">
    <subfield code="a">&#x905;&#x937;&#x94D;&#x91F;&#x940;&#x915;&#x930;    &#x92E;&#x902;&#x926;&#x93E;&#x915;&#x93F;&#x928;&#x940;</subfield>
  </datafield>
  <datafield tag="245" ind1=" " ind2=" ">
    <subfield code="a">&#x906;&#x923;&#x93F; &#x935;&#x923;&#x935;&#x93E; &#x936;&#x93E;&#x902;&#x924; &#x91D;&#x93E;&#x932;&#x93E;</subfield>
  </datafield>
  <datafield tag="260" ind1=" " ind2=" ">
    <subfield code="b">"&#x92C;&#x93E;&#x902;&#x926;&#x94B;&#x921;&#x915;&#x930; &#x92A;&#x92C;&#x94D;&#x932;&#x93F;&#x936;&#x93F;&#x902;&#x917;  &#x939;&#x93E;&#x90A;&#x938;,  &#x917;&#x94B;&#x935;&#x93E;"</subfield>
    <subfield code="c">1981</subfield>
  </datafield>
  <datafield tag="300" ind1=" " ind2=" ">
    <subfield code="a">216</subfield>
  </datafield>
  <datafield tag="630" ind1=" " ind2=" ">
    <subfield code="a">&#x906;&#x923;&#x93F; &#x935;&#x923;&#x935;&#x93E; &#x936;&#x93E;&#x902;&#x924; &#x91D;&#x93E;&#x932;&#x93E;</subfield>
  </datafield>
  <datafield tag="730" ind1=" " ind2=" ">
    <subfield code="a">&#x906;&#x923;&#x93F; &#x935;&#x923;&#x935;&#x93E; &#x936;&#x93E;&#x902;&#x924; &#x91D;&#x93E;&#x932;&#x93E;</subfield>
  </datafield>
  <datafield tag="942" ind1=" " ind2=" ">
    <subfield code="c">BOOK</subfield>
  </datafield>
  <datafield tag="999" ind1=" " ind2=" ">
    <subfield code="c">448599</subfield>
    <subfield code="d">448596</subfield>
  </datafield>
  <datafield tag="952" ind1=" " ind2=" ">
    <subfield code="0">0</subfield>
    <subfield code="1">1</subfield>
    <subfield code="4">0</subfield>
    <subfield code="7">0</subfield>
    <subfield code="a">NCKMULUND</subfield>
    <subfield code="b">NCKMULUND</subfield>
    <subfield code="d">2010-02-04</subfield>
    <subfield code="g">30.00</subfield>
    <subfield code="l">0</subfield>
    <subfield code="o">3693</subfield>
    <subfield code="p">NCKMULUND-3693</subfield>
    <subfield code="r">2010-02-04 00:00:00</subfield>
    <subfield code="v">30.00</subfield>
    <subfield code="w">2010-02-04</subfield>
    <subfield code="y">BOOK</subfield>
    <subfield code="z">1)&#x917;&#x939;&#x93E;&#x933;</subfield>
  </datafield>
</record>
